| 000 | 00621nam a22002297a 4500 | ||
|---|---|---|---|
| 003 | OSt | ||
| 005 | 20170328172619.0 | ||
| 008 | 170328b xxu||||| |||| 00| 0 eng d | ||
| 020 | _a9780071603850 | ||
| 020 | _a0071603859 | ||
| 040 | _cDMLN | ||
| 082 | _aQV737 Q11w 2010 | ||
| 100 |
_aWarholak, Terri L.; Nau, David P. _911991 |
||
| 245 | _aQuality & Safety in Pharmacy Practice | ||
| 260 | _aNew York; Mcgraw hill, 2010 | ||
| 300 | _axvii,273p; col.ill: 23cm | ||
| 504 | _aReferences, & index included | ||
| 650 |
_aQuality _911992 |
||
| 650 |
_aSafety _911993 |
||
| 650 |
_aPharmacy _911994 |
||
| 942 |
_2z _cSLOAN |
||
| 999 |
_c5768 _d5768 |
||